| 000 | 003980000a22001570004500 | ||
|---|---|---|---|
| 020 | _a0-570-06064-8 | ||
| 082 | 0 | 4 | _aGI CT G830k |
| 100 | 1 | _aGreene, Carol | |
| 245 | 1 | 0 | _aKiri and the first Easter / Greene Carol, il. Alice Hausner |
| 260 | _aMissouri : Concordia Publishing | ||
| 300 | _a[ 32 P.] | ||
| 440 | 0 | _aCol. \ ARCH Books | |
| 650 | 1 | 4 | _aLiteratura Infantil |
| 001 | 851 | ||
| 942 | _cLGB | ||
| 999 |
_c48055 _d48055 |
||